Historia breve de la literatura inglesa / (Record no. 178043)

MARC details
000 -LEADER
campo de control de longitud fija 00795nam a22002295i 4500
001 - NÚMERO DE CONTROL
campo de control 178043
003 - IDENTIFICADOR DE NÚMERO DE CONTROL
campo de control ES-MaACL
005 - FECHA Y HORA DE LA ÚLTIMA TRANSACCIÓN
campo de control 20231207063039.0
008 - DATOS DE LONGITUD FIJA--INFORMACIÓN GENERAL
campo de control de longitud fija 110516s1966 sp f |||| | spa d
080 ## - NÚMERO DE LA CLASIFICACIÓN DECIMAL UNIVERSAL
Número de la Clasificación Decimal Universal 821.111.09
100 1# - ENTRADA PRINCIPAL--NOMBRE DE PERSONA
Nombre de persona Souvirón, José María
Fechas asociadas al nombre 1904-1973
9 (RLIN) 107605
245 10 - MENCIÓN DEL TÍTULO
Título Historia breve de la literatura inglesa /
Mención de responsabilidad, etc. José María Souvirón.
250 ## - MENCION DE EDICION
Mención de edición 1ª ed.
260 ## - PUBLICACIÓN, DISTRIBUCIÓN, ETC.
Lugar de publicación, distribución, etc. Barcelona :
Nombre del editor, distribuidor, etc. Credsa,
Fecha de publicación, distribución, etc. 1966.
300 ## - DESCRIPCIÓN FÍSICA
Extensión 199, [8] p. de lám. bl. y n. ;
Dimensiones 18 cm.
490 1# - MENCIÓN DE SERIE
Mención de serie Panoramas A-Z. La universidad en su mano ;
Designación de volumen o secuencia 36
500 ## - NOTA GENERAL
Nota general Índices.
650 04 - PUNTO DE ACCESO ADICIONAL DE MATERIA--TÉRMINO DE MATERIA
Término de materia o nombre geográfico como elemento de entrada Literatura inglesa-
Subdivisión general Historia y crítica.
9 (RLIN) 14628
830 0# - PUNTO DE ACCESO ADICIONAL DE SERIE-TÍTULO UNIFORME
Título uniforme Panoramas A-Z. La universidad en su mano ;
Designación de volumen o secuencia 36
9 (RLIN) 190680
852 ## - LOCALIZACIÓN
Ubicación ES-MaACL
Número de control de estantería E-15086
Encuadernación Olim P-269-bis
Holdings
Estatus retirado Estado de pérdida Estado de daño No para préstamo Biblioteca de origen Biblioteca actual Ubicación en estantería Fecha de adquisición Fuente de adquisición Total de préstamos Signatura topográfica completa Código de barras Visto por última vez Precio de reemplazo Tipo de ítem Koha
        Biblioteca del Ateneo de Madrid Biblioteca del Ateneo de Madrid Depósito 2 16/05/2011     E-15086 1187035 23/02/2023 23/02/2023 Libro impreso